| 000 | 00464nab a2200145Ia 4500 | ||
|---|---|---|---|
| 003 | ES-SlBCS | ||
| 005 | 20210601134615.0 | ||
| 008 | 140529s1989 xxu||||| |||| 00| 0 spa d | ||
| 041 | _aspa | ||
| 100 | 1 |
_aMartínez, Miguel _9220343 |
|
| 245 | 0 | 0 |
_aEl método hermenéutico-dialéctico en las ciencias de la conducta _c Miguel Martínez |
| 650 | 0 | 4 |
_aCiencias de la Conducta _9220344 |
| 773 | 0 |
_tAnthropos _gvol. 10, nº. 18, 1989, págs. 85-112 _wRev38 |
|
| 942 | _cAR | ||
| 999 |
_c615169 _d615169 |
||